00495 2200181 4500001002100000005001500021035002000036007000300056008004100059020002200100082001000122084001600132100002100148245003800169260004000207300004600247650002000293INLIS00000000000038420221028020356 a0010-1022000126ta221028 a 1 ind  a978-602-252-336-9 a741.5 a741.5 ANI e0 aAnies Listyowati1 aEla Gondongan /cAnies Listyowati aJakarta :bErlangga For Kids,c2014 a22 halaman :bilustrasi berwarna ;c22 cm 4aSeri Anak Sehat